1257 1735 1054 1596 1849 1498 1553 1725 1172 1751 1056 1316 1104 1129 1901 1574 1238 1345 1463 1002 1402 1287 1094 1180 1879 1693 1794 1212 1765 1177 1854 1822 1061 1384 1108 1835 1888 1466 1134 1249 1578 1949 1950 1270 1503 1379 1199 1447 1368 1785 1218 1988 1741 1087 1100 1889 1278 1051 1999 1943 1769 1857 1522 1229 1136 1366 1632 1460 1807 1247 1885 1587 1975 1390 1959 1473 1655 1695 1635 1066 1937 1126 1786 1942 1134 1500 1325 1181 1724 1272 1906 1409 1075 1736 1028 1482 1235 1534 1195 BCNSPRNW ULIB Ver.6.0+V

เปลี่ยนเป็นภาษาไทย

Change to English
 แสดงรายละเอียดบรรณานุกรม
  กลับหน้าหลัก

Brief Record : Get Marc (ISO 2709) : E-mail record : QR code < ปิดหน้าต่าง
LEADER : 00000nam 2200000uu 4500
001    13399128134
003     ULIB
008    220718s2564||||th 000 0 tha d
020 ^- ^a9786165828031
060 ^- ^aWY106^bป65ก
100 0^ ^aปาหนัน กนกวงศ์นุวัฒน์.
245 10 ^aการบริหารโครงการในชุมชน :กลยุทธ์ที่ท้าทายของพยาบาล /^cปาหนัน กนกวงศ์นุวัฒน์.
250 ^- ^aพิมพ์ครั้งที่ 1.
260 ^- ^aกรุงเทพฯ :^bโอ. เอส. พริ้นติ้ง เฮ้าส์,^c2564
300 ^- ^aก-ฌ, 106 หน้า :ภาพประกอบ.
505 0^ ^aบทที่ 1 บทบาทของพยาบาลชุมชนในระบบสุขภาพ -- บทที่ 2 กระบวนการพยาบาลชุมชน -- บทที่ 3 การวางกลยุทธ์และการบริหารโครงการ -- บทที่ 4 การประเมินผลโครงการ -- บทที่ 5 กรณีศึกษา: การบริหารโครงการในชุมชน.
650 ^4 ^aการพยาบาลอนามัยชุมชน.
650  0 ^aการบริหารโครงการ.
945    ^p230^l0^i009051
945    ^p230^l0^i009052
999    ^aประนอม เกษจรัล
รายการนี้ยังไม่มีแท็ก
คุณยังไม่ได้ล็อกอิน คุณสามารถมีกิจกรรมร่วมกับเว็บไซต์ได้ แต่ต้องล็อกอินก่อน ::
  ล็อกอิน

รายการสื่อสารสนเทศ

ลำดับที่ ประเภท เลขเรียก/บาร์โค้ด สถานที่ สถานะ
1. Book การพยาบาล
หนังสือสำรอง
สถานะ=หนังสือสำรอง
WY106 ป65ก ฉ.1 
  Barcode: 009051
ห้องสมุดวิทยาเขตสวรรค์ประชารักษ์
►หนังสือทั่วไป
บนชั้น
2. Book การพยาบาล
Book การพยาบาล
WY106 ป65ก ฉ.2 
  Barcode: 009052
ห้องสมุดวิทยาเขตสวรรค์ประชารักษ์
►หนังสือทั่วไป
บนชั้น

รายการใกล้เคียง
    ผู้แต่ง [ปาหนัน กนกวงศ์นุวัฒน์.]

    หัวเรื่อง [การพยาบาลอนามัยชุมชน.]

BibComment


ยังไม่เคยถูกคอมเมนท์

คอมเมนท์ทรัพยากรรายการนี้
  คอมเมนท์: การบริหารโครงการ..


 Copyright 2026. Bcnsprnw @Library